000 00485nam a2200181 a 4500
005 20140310183146.0
008 020819s19uu xx 00 eng d
020 _a041522912x
050 _aPN 1996
_b.M66 2001
100 _aMoritz, Charlie
245 _aScriptwriting for the screen /
_cCharlie Moritz.
260 _aCanada :
_bRoutledge,
_c2001.
300 _a174 p. :
_c24 cm.
521 _aMC
650 _aMotion picture authorship
942 _cBK
_2lcc
_kFOR
999 _c19539
_d19539